| 000 | 00713nam a2200169 a 4500 | ||
|---|---|---|---|
| 005 | 20140412111318.0 | ||
| 008 | 010329s19uu xx 00 eng d | ||
| 020 | _a0-935989-92-7 | ||
| 050 |
_aTR(GS 370.973 _bC536 1998 |
||
| 100 | _aWashington, Valora | ||
| 245 |
_aChildren of 2010 : _ba 1999 NAEY comprehensive membership benefit / _cValora Washington and J. D. Andrews, Editors. |
||
| 260 |
_aWashington, DC : _bChildren of 2010, _c1998. |
||
| 300 | _ax p. ; 173 p. | ||
| 520 | _aChildren of 2010 is a wake-up call for practitioners who work with children as well as parents, policymakers, and everyone who cares about democracy and out next generation of children. | ||
| 650 | _aChildren | ||
| 999 |
_c104305 _d104305 |
||